Loading...
| History - Other | 0 | 5 | 0 | 0 | 50 | 49 | 73.80 | 3 | 5 | 20.56 | 42.50 |
| History - American | 0 | 4 | 0 | 1 | 40 | 32 | 65.00 | 2 | 4 | 19.64 | 30.00 |
| Mythology | 0 | 3 | 0 | 1 | 30 | 41 | 83.00 | 1 | 2 | 10.03 | 17.50 |
| History - World | 0 | 3 | 0 | 0 | 30 | 39 | 51.67 | 2 | 3 | 18.22 | 25.00 |
| Current Events | 0 | 2 | 0 | 0 | 20 | 24 | 32.50 | 2 | 2 | 74.68 | 100.00 |
| History - European | 0 | 2 | 0 | 0 | 20 | 48 | 65.50 | 0 | 2 | 9.64 | 15.00 |
| Philosophy | 0 | 3 | 2 | 0 | 20 | 69 | 72.33 | 1 | 3 | 12.43 | 25.00 |
| Science - Chemistry | 0 | 3 | 2 | 1 | 20 | 59 | 84.33 | 1 | 3 | 7.82 | 17.50 |
| Social Science | 0 | 2 | 0 | 0 | 20 | 59 | 64.00 | 1 | 2 | 8.68 | 15.00 |
| Religion | 0 | 3 | 3 | 0 | 15 | 59 | 70.67 | 0 | 3 | 10.39 | 22.50 |
| Fine Arts - Painting and Sculpture | 0 | 2 | 1 | 0 | 15 | 85 | 95.00 | 1 | 2 | 5.19 | 12.50 |
| Science - Other | 0 | 2 | 1 | 0 | 15 | 49 | 70.00 | 1 | 2 | 7.80 | 15.00 |
| Science - Physics | 0 | 2 | 1 | 0 | 15 | 48 | 57.50 | 1 | 2 | 11.04 | 15.00 |
| Geography | 0 | 1 | 0 | 1 | 10 | 124 | 124.00 | 1 | 1 | 0.00 | 12.50 |
| Fine Arts - Other | 0 | 1 | 0 | 1 | 10 | 63 | 63.00 | 1 | 1 | 4.57 | 10.00 |
| Literature - World | 0 | 1 | 0 | 0 | 10 | 60 | 60.00 | 1 | 1 | 6.05 | 10.00 |
| Fine Arts - Classical Music | 0 | 1 | 0 | 0 | 10 | 61 | 61.00 | 1 | 1 | 4.96 | 10.00 |
| Other Academic | 0 | 1 | 0 | 1 | 10 | 125 | 125.00 | 0 | 1 | 0.00 | 8.33 |
| Science - Biology | 0 | 1 | 1 | 1 | 5 | 114 | 114.00 | 0 | 1 | 0.00 | 2.50 |
| Literature - American | 0 | 0 | 1 | 0 | -5 | 0.00 | 0 | 0 | 0.00 | 0.00 |